| 000 | 00505cam a2200193ua 4500 | ||
|---|---|---|---|
| 001 | 20266 | ||
| 008 | 140403n II |||gr||||Z||||||eng | ||
| 040 | _aMAIN | ||
| 041 | _aEnglish | ||
| 082 | _a580 SIN | ||
| 100 | _aSINGH, DR. M.P. | ||
| 245 | _aTEXTBOOK OF BOTANY(Vol-2) | ||
| 260 |
_aNEW DELHI: _bCAMPUS BOOKS INTERNATIONAL, _c2009. |
||
| 300 |
_a315--636: _c22CM. |
||
| 653 | _aPlants (Botany) | ||
| 700 | _aMOHANKA, DR. REEN. | ||
| 700 | _aKALAM, DR. A.P.J. ABDUL (Forwarded by). | ||
| 942 | _cBK | ||
| 999 |
_c20128 _d20128 |
||